• 首页
  • 本馆介绍
  • 公告通知
  • 最新文献
  • 馆藏检索
  • 电子资源
  • 读者导购
  • 参考咨询
  • 我的图书馆
  • 登录
  • 详细信息显示
  • 放入我的书架
  • 预约/预借图书
  • 作者相关作品
  • 分类相关作品
  • 丛书相关作品
  • 出版社相关作品

书目信息

  • 表格格式
  • 工作单格式
  • 卡片格式
题名:
思维发生学
    
 
作者: 张浩 著
分册:  
出版信息: 北京   中国社会科学出版社  1994
页数: 500页
开本: 21cm
丛书名:
单 册:
中图分类: B80-05
科图分类:
主题词: 思维科学
电子资源:
ISBN: 7-5004-1409-9
000 01234nam0 2200325 450
000 01197nam0 2200313 450
000 01190nam0 2200325 450
000 01136nam0 2200301 450
000 01165nam0 2200289 450
000 01128nam0 2200277 45
001 TS2006031560
005 20061226154721.96
010    @a7-5004-1409-9@dCNY39.00
100    @a20060829d1994 em y0chiy0120 ea
101 0  @achi
102    @aCN@b110000
105    @ay z 000yy
200 1  @a思维发生学@ASi Wei Fa Sheng Xue@e从动物思维到人的思维@ECong Dong Wu Si Wei Dao Ren De Si Wei@f张浩著@FZhang Hao Zhu
210    @a北京@c中国社会科学出版社@d1994@h2005年第2次印刷
215    @a500页@d21cm
304    @a张 浩(1934~ ),山西阳城人,中国社会科学院哲学研究所副研究员
330    @a本书阐明了思维活动的生理基础和机制,动物思维与人类思维等关系问题,论述了动物思维到原始人类思维到文明思维的发生发展过程。
517 1  @a从动物思维到人的思维@ACong Dong Wu Si Wei Dao Ren De Si Wei
606 0  @a思维科学
690    @aB80-05@v4
701  0 @a张浩@AZhang Hao@4著
801  0 @aCN@b中图数据@c20061226
905    @a10447@dB80-05@e27
    
    思维发生学:从动物思维到人的思维/张浩著.-北京:中国社会科学出版社,1994(2005年第2次印刷)
    500页;21cm
    
    
    ISBN 7-5004-1409-9:CNY39.00
    本书阐明了思维活动的生理基础和机制,动物思维与人类思维等关系问题,论述了动物思维到原始人类思维到文明思维的发生发展过程。
●
相关链接 在E读中查询图书 在五车中查询图书 在当当中查询图书 在豆瓣中查询图书


正题名:思维发生学     索取号:B80-05/27         预约/预借

序号 登录号 条形码 馆藏地/架位号 状态 备注
1 0617077   206170775   第一样本阅览室/ [索取号:B80-05/27] 在馆    
2 0617078   206170784   第一借阅区/ [索取号:B80-05/27] 在馆    
3 0617079   206170793   第一借阅区/ [索取号:B80-05/27] 在馆    
4 0617080   206170800   第一借阅区/ [索取号:B80-05/27] 在馆    
5 0617081   206170819   教育系资料室/ [索取号:B80-05/27] 在馆    
6 0617082   206170828   教育系资料室/ [索取号:B80-05/27] 在馆    
唐山师范学院图书馆 欢迎您!
大连网信软件有限公司© 版权所有